| 000 | 00741nam a22002417a 4500 | ||
|---|---|---|---|
| 005 | 20240402155316.0 | ||
| 010 | _aENG-139739 | ||
| 020 |
_a9788192026237 _c800.00 |
||
| 035 | _aEN-123271 | ||
| 037 | _bDBAD/PUB | ||
| 082 | _a181.41 | ||
| 100 |
_aP.V. Vartak _964212 |
||
| 245 |
_aRebirth; _bA Scientific Odyssey Of Changing Bodies/ _c By P.V Vartak...[et.al] |
||
| 260 |
_aPune , Maharashtra _bVeda Vidnyana Mandal _c2011 |
||
| 270 |
_a497,Shaniwar Peth, _bPune _e411030 |
||
| 300 |
_a388p. _c22cm(hbk) |
||
| 700 |
_aBrahmarshi _964213 |
||
| 700 |
_aSamajabhushan _964214 |
||
| 700 |
_aShraddhanand _964215 |
||
| 700 |
_aJanasoorya _964216 |
||
| 700 |
_aPrajnana Brahma _964217 |
||
| 942 |
_2ddc _cEN _h181.41 _mVAR |
||
| 999 |
_c201549 _d201549 |
||